LEADER 02249nam 2200553z 450 001 9910157822603321 005 20260311194046.0 010 $a0-19-108353-4 010 $a0-19-179703-0 035 $a(CKB)3780000000081225 035 $a(SSID)ssj0001559789 035 $a(PQKBManifestationID)16191260 035 $a(PQKBTitleCode)TC0001559789 035 $a(PQKBWorkID)14824454 035 $a(PQKB)10688226 035 $a(StDuBDS)EDZ0001208056 035 $a(MiAaPQ)EBC4841988 035 $a(EXLCZ)993780000000081225 100 $a20160829d2015 uy 0 101 0 $aeng 135 $aur||||||||||| 181 $ctxt 182 $cc 183 $acr 200 14$aNaked self $eKierkegaard and personal identity /$fPatrick Stokes 205 $aFirst edition. 210 1$aOxford :$cOxford University Press,$d2015. 215 $a1 online resource 300 $aBibliographic Level Mode of Issuance: Monograph 311 08$a0-19-873273-2 320 $aIncludes bibliographical references and index. 327 $aIntroduction : Kierkegaard and the history of self -- Recollection and memory -- Contemporaneity -- Perspectival subjectivity -- Diachronicity, episodicity, synchronicity -- Self-alienation -- Continuity and temporality -- Practical and narrative identity -- Survival and eschatology -- Objections and future directions,. 330 8 $aPatrick Stokes explores Kierkegaard's understanding of selfhood by situating his work in relation to central problems in contemporary philosophy of personal identity. By bringing his thought into dialogue with major living and recent philosophers, Stokes reveals the lasting contribution that Kierkegaard made to the study of self and identity. 517 3 $aKierkegaard and personal identity 606 $aSelf 606 $aIdentity (Philosophical concept) 606 $aSelf-knowledge, Theory of 606 $aIndividuality 615 0$aSelf. 615 0$aIdentity (Philosophical concept) 615 0$aSelf-knowledge, Theory of. 615 0$aIndividuality. 676 $a198.9 700 $aStokes$b Patrick$f1978-$01222817 801 0$bPQKB 906 $aBOOK 912 $a9910157822603321 996 $aNaked self$94551434 997 $aUNINA